Statistics for Eurovision 2020 songs

Click here to take the quiz!

General Stats

  • This quiz has been taken 7 times
  • The average score is 25 of 41

Answer Stats

CountrySong% Correct
AustriaAlive
86%
DenmarkYes
86%
ArmeniaChains on You
71%
AzerbaijanCleopatra
71%
BelarusDa Vidna
71%
AustraliaDon't Break Me
71%
PolandEmpires
71%
ItalyFai rumore
71%
AlbaniaFall from the Sky
71%
IsraelFeker libi
71%
Czech RepublicKemama
71%
FinlandLooking Back
71%
LithuaniaOn Fire
71%
CyprusRunning
71%
IrelandStory of My Life
71%
GreeceSUPERG!RL
71%
GeorgiaTake Me As I Am
71%
BulgariaTears Getting Sober
71%
IcelandThink about Things
71%
RussiaUno
71%
GermanyViolent Thing
71%
North MacedoniaYOU
71%
NorwayAttention
57%
San MarinoFreaky!
57%
NetherlandsGrow
57%
SwedenMove
57%
MoldoviaPrison
57%
BelgiumRelease Me
57%
UkraineSolovey
57%
FranceThe Best in Me
57%
SpainUniverso
57%
SloveniaVoda
57%
EstoniaWhat Love Is
57%
RomaniaAlkohol You
43%
SerbiaHasta la vista
43%
PortugalMedo de sentir
43%
United KingdomMy Last Breath
43%
SwitzerlandRepondez-moi
43%
LatviaStill Breathing
43%
MaltaAll My Love
29%
CroatiaDivlji vjetre
29%

Score Distribution

Percentile by Number Answered

Percent of People with Each Score

Your Score History

You have not taken this quiz